Diccionario de economía política

Uloženo v:
Podrobná bibliografie
Hlavní autor: Zhanin Makarova, Borisov
Médium: Text
Vydáno: Barcelona: Grijalbo
Tagy: Přidat tag
Žádné tagy, Buďte první, kdo vytvoří štítek k tomuto záznamu!

MARC

LEADER 00000 a a2200000 04500
001 23536
003
040
020 |a 84-253-0610-8  
022 |a 84-253-0610-8  
090 |a R 164600  
100 |a Zhanin Makarova, Borisov  
245 |a Diccionario de economía política  
260 |a Barcelona:   |b Grijalbo  
300 |a 251 p.  
999 |c 16695  |d 16695